| 000 | 00385nam a2200133Ia 4500 | ||
|---|---|---|---|
| 008 | 130320s9999 xx 000 0 und d | ||
| 100 | _aNikhil Isaac George | ||
| 245 | _aReport on the projects of IIITMK and its benefits | ||
| 502 |
_bIndustrial training _dEXT _eSrivathsan K.R |
||
| 650 | _aIIITMK PROJECTS | ||
| 700 | _aEldho John | ||
| 700 | _aJose Johny | ||
| 700 | _aSiddharth Shelly | ||
| 999 |
_c2693 _d2693 |
||